Βουδιστικές Χώρες - Statistics

General Stats
  • This quiz has been taken 60 times
  • The average score is 10 of 14
Answer Stats
% Βουδιστών Χώρα % Correct
18.2 Κίνα
95%
36.2 Ιαπωνία
89%
96.9 Καμπότζη
82%
16.4 Βιετνάμ
82%
93.2 Ταϊλάνδη
77%
33.9 Σιγκαπούρη
75%
17.7 Μαλαισία
75%
80.1 Μιανμάρ
73%
66.0 Λάος
73%
22.9 Νότια Κορέα
68%
21.3 Ταϊβάν
68%
74.7 Μπουτάν
66%
69.3 Σρι Λάνκα
57%
55.1 Μογγολία
55%
No matching quizzes found
Score Distribution
Percent of People with Each Score
Percentile by Number Answered
Your Score History
You have not taken this quiz